Statistiques concernant Quiz sur le football argentin

Cliquez ici pour prendre le quiz!

Statistiques générales

  • Ce quiz a été pris 296 fois
  • Le résultat moyen est 13 sur 19

Statistiques - réponses

QuestionRéponse% Correct
Légende de l'Argentine et de NaplesDiego Maradona
98%
Joueur le plus capé et meilleur buteur de la sélectionLionel Messi
98%
Autres rivaux de l'ArgentineBrésil
96%
Années des titres en coupe du monde2022
94%
Joueur argentin, meilleur buteur de l'histoire de Manchester CitySergio Agüero
90%
Équipes s'opposant lors du SuperclasicoBoca Juniors
89%
Équipes s'opposant lors du SuperclasicoRiver Plate
86%
Rival historique de l'ArgentineUruguay
83%
Années des titres en coupe du monde1986
81%
Années des titres en coupe du monde1978
74%
Surnom de la sélection argentineL'Albiceleste
72%
Nombre d'équipes participant à la première division du championnat argentin28
63%
Autres rivaux de l'ArgentineAllemagne
54%
Autres rivaux de l'ArgentineAngleterre
47%
Joueur argentin, idole de la FiorentinaGabriel Batistuta
47%
Joueur argentin, vainqueur de 3 copa libertadores, et ayant évolué à Barcelone et Villaréal en EuropeJuan Román Riquelme
34%
Autres clubs faisant parties des "cinq grands du football argentin"Racing Club
26%
Autres clubs faisant parties des "cinq grands du football argentin"Independiente
23%
Autres clubs faisant parties des "cinq grands du football argentin"San Lorenzo
16%

Distribution des résultats

Percentile par nombre de réponses

% des personnes avec chaque résultat

Votre développement - résultats

Vous n’avez pas pris ce quiz